Les 139 classiques Disney - Statistiques

Statistiques générales
  • Ce quiz a été pris 42 fois
  • Le résultat moyen est 54 sur 139
Statistiques - réponses
Années Films % Correct
1950 Cendrillon
94%
1959 La Belle au Bois Dormant
88%
1998 Mulan
82%
2010 Raiponce
82%
1991 La Belle et la Bête
79%
2013 La Reine des Neiges
76%
1994 Le Roi Lion
76%
1937 Blanche-Neige et les Sept Nains
73%
1955 La Belle et le Clochard
70%
1961 Les 101 Dalmatiens
70%
1953 Peter Pan
70%
1940 Pinocchio
70%
2012 Rebelle
70%
1992 Aladdin
67%
1989 La Petite Sirène
67%
1970 Les Aristochats
67%
2006 Cars
64%
1941 Dumbo
64%
1995 Pocahontas, une Légende Indienne
64%
1995 Toy story
64%
1951 Alice au Pays des Merveilles
61%
1942 Bambi
61%
2009 La Princesse et la Grenouille
61%
2016 Vaiana, la Légende du Bout du Monde
61%
2003 Les 101 Dalmatiens 2 : sur la Trace des Héros
58%
2011 Cars 2
55%
2017 Cars 3
55%
1940 Fantasia
55%
2019 La Reine des Neiges 2
55%
1967 Le Livre de la Jungle
55%
2003 Le Monde de Nemo
55%
1977 Les Aventures de Bernard et Bianca
55%
2002 Cendrillon 2 : une Vie de Princesse
52%
2021 Encanto : la Fantastique Famille Madrigal
52%
2007 Ratatouille
52%
1999 Tarzan
52%
2009 Là-Haut
48%
1998 Le Roi Lion 2 : l'Honneur de la Tribu
48%
1999 Toy Story 2
48%
2010 Toy Story 3
48%
2019 Toy Story 4
48%
2016 Le Monde de Dory
45%
2021 Luca
45%
1963 Merlin l'Enchanteur
45%
2004 Mulan 2 : la Mission de l'Empereur
45%
2011 Winnie l'Ourson
45%
2016 Zootopie
45%
1997 Hercule
42%
1997 La Belle et la Bête 2 : le Noël Enchanté
42%
1996 Le Bossu de Notre-Dame
42%
2004 Les Indestructibles
42%
2020 Soul
42%
2015 Vice-Versa
42%
2024 Vice-Versa 2
42%
1994 Aladdin 2 : le Retour de Jafar
39%
2017 Coco
39%
1999 Fantasia 2000
39%
2000 La Petite Sirène 2 : Retour à l'Océan
39%
2004 Le Roi Lion 3 : Hakuna Matata
39%
1944 Les Trois Caballeros
39%
2013 Planes
39%
1973 Robin des Bois
39%
2024 Vaiana 2
39%
2008 Wall-E
39%
1998 1001 Pattes
36%
2006 Bambi 2
36%
2005 Chicken Little
36%
2018 Les Indestructibles 2
36%
2012 Les Mondes de Ralph
36%
1964 Mary Poppins
36%
2002 Peter Pan 2 : Retour au Pays Imaginaire
36%
1981 Rox et Rouky
36%
1942 Saludos Amigos
36%
2025 Zootopie 2
36%
1996 Aladdin et le Roi des Voleurs
33%
2001 Atlantide, l'Empire Perdu
33%
2000 Kuzco, l'Empereur Mégalo
33%
2002 La Bossu de Notre-Dame 2 : le Secret de Quasimodo
33%
2013 Monstres Academy
33%
1988 Oliver et Compagnie
33%
1985 Taram et le Chaudron Magique
33%
1990 Bernard et Bianca au Pays des Kangourous
30%
2007 Bienvenue chez les Robinson
30%
2022 Buzz l'Éclair
30%
2000 Dinosaure
30%
2023 Élémentaire
30%
2020 En Avant
30%
2003 Frère des Ours
30%
2001 La Belle et le Clochard 2 : l'Appel de la Rue
30%
2008 La Fée Clochette
30%
2004 La Ferme se Rebelle
30%
2002 La Planète au Trésor, un Nouvel Univers
30%
2014 Planes 2
30%
1998 Pocahontas 2 : un Monde Nouveau
30%
2005 Tarzan 2 : l'Enfance d'un Héros
30%
2008 Volt, Star Malgré Lui
30%
2022 Alerte Rouge
27%
1986 Basil, Détective Privé
27%
1947 Coquin de Printemps
27%
2026 Jumpers
27%
1946 La Boîte à musique
27%
2008 Le Secret de la Petite Sirène
27%
2015 Le Voyage d'Arlo
27%
1948 Mélodie Cocktail
27%
1946 Mélodie du Sud
27%
2018 Ralph 2.0
27%
2022 Avalonia : l'Étrange Voyage
24%
2025 Elio
24%
2006 Frère des Ours 2
24%
2014 Les Nouveaux Héros
24%
2021 Raya et le Dernier Dragon
24%
2023 Wish : Asha et la Bonne Étoile
24%
1948 Danny, le Petit Mouton Noir
21%
1995 Dingo et Max
21%
2000 Dingo et Max 2 : les Sportifs de l'Extrême
21%
2005 Kuzco 2 : King Kronk
21%
1949 Le Crapaud et le Maître d'École
21%
2003 Le Livre de la Jungle 2
21%
2001 Monstres & Cie
21%
2006 Rox et Rouky 2
21%
2006 The Wild
21%
2014 Clochette et la Fée Pirate
18%
2009 Clochette et la Pierre de Lune
18%
2005 Lilo & Stitch 2 : Hawaii, Nous Avons un Problème !
18%
2012 Clochette et le Secret des Fées
15%
1977 Les Aventures de Winnie l'Ourson
15%
1977 Peter et Elliott le Dragon
15%
1997 Winnie l'Ourson 2
15%
2005 Winnie l'Ourson et l'Efelant
15%
2014 Clochette et la Créature Légendaire
12%
2010 Clochette et l'Expédition Féerique
12%
1971 L'Apprentie Sorcière
12%
2005 Les Aventures de Petit Gourou
12%
2003 Les Aventures de Porcinet
12%
2000 Les Aventures de Tigrou
12%
2007 Le Sortilège de Cendrillon
12%
2002 Lilo & Stitch
12%
1990 La Bande à Picsou : le Trésor de la Lampe Perdue
9%
2004 Mickey, Donald, Dingo : les Trois Mousquetaires
6%
Aucun quiz correspondant
Distribution des résultats
% des personnes avec chaque résultat
Percentile par nombre de réponses
Votre historique - résultats
Vous n’avez pas pris ce quiz